Statistiques concernant Paroles - Ton invitation - Louise Attaque

Cliquez ici pour prendre le quiz!

Statistiques générales

  • Ce quiz a été pris 1 332 fois
  • Le résultat moyen est 182 sur 225

Statistiques - réponses

Paroles% Correct
invitation
100%
J'ai
100%
j'ai
100%
ton
100%
à
98%
dans
98%
la
98%
par
98%
97%
erreur,
97%
sais
97%
sais,
97%
l'heure
96%
saison
96%
accepté
95%
pas
93%
m'gourer
92%
Tu
91%
tu
91%
ma
89%
m'planter
87%
on
86%
tout
86%
moi
83%
de
82%
en
82%
Et
81%
qui
80%
raison
80%
toute
79%
ça
78%
Ca
78%
pour
78%
Si
77%
si
77%
toujours
76%
est
73%
mais
73%
Un
73%
un
73%
avec
72%
bien
72%
Celle
72%
celle
72%
belle
69%
confondu
69%
toi,
69%
toi
69%
confiance
68%
dit
68%
entendu
67%
Que
67%
sourit
65%
j'suis
64%
d'espérance
63%
ta
63%
parle
62%
veux
62%
mec
60%
une
59%
sur
58%
sympa
56%
future
54%
vengeance
54%
auras
52%
Parlons
50%
fois
47%
d'silence
46%
danse
44%
parti
43%
entrecoupé
42%
plus
42%
Qu'on
41%
seul
41%
vois
40%
Disons
36%
j'merde
36%
loin
35%
ira
34%
notre
30%
espace
28%
point
25%
trace
25%
trait,
23%
savoir
22%
Reste
21%

Distribution des résultats

Percentile par nombre de réponses

% des personnes avec chaque résultat

Votre développement - résultats

Vous n’avez pas pris ce quiz